Statistiche per Paesi dell'Unione Europea

Clicka qui per fare il quiz!

Statistiche generali

  • Questo quiz è stato fatto 295 volte
  • Il punteggio medio è 22 su 27

Statistiche sulle risposte

Risposta% Corretto
Italia
97%
Francia
94%
Germania
94%
Spagna
93%
Belgio
92%
Portogallo
92%
Austria
89%
Svezia
87%
Polonia
86%
Grecia
85%
Croazia
84%
Romania
84%
Paesi Bassi
83%
Slovenia
82%
Estonia
81%
Finlandia
81%
Lettonia
81%
Lituania
81%
Lussemburgo
78%
Irlanda
77%
Bulgaria
76%
Slovacchia
76%
Danimarca
73%
Repubblica Ceca
73%
Ungheria
72%
Malta
63%
Cipro
51%

Distribuzione punteggi

Percentile per numero di risposta

Percentuale di utenti per punteggio

I tuoi punteggi nel tempo

Non hai fatto questo quiz